| 000 | 01339cam a2200337 a 4500 | ||
|---|---|---|---|
| 001 | 2085657 | ||
| 003 | OSt | ||
| 005 | 20170302142944.0 | ||
| 008 | 950117s1995 enk 001 0 eng | ||
| 010 | _a 95001499 | ||
| 020 | _a0195087062 (alk. paper) | ||
| 020 | _a019513245 | ||
| 040 |
_aDLC _cDLC _dDLC |
||
| 043 | _an-us--- | ||
| 050 | 0 | 0 |
_aPS508.W7 _bO95 1995 |
| 082 | 0 | 0 |
_a810.8/09287 _220 |
| 245 | 0 | 4 |
_aThe Oxford book of women's writing in the United States / _cedited by Linda Wagner-Martin, Cathy N. Davidson. |
| 246 | 3 | 0 | _aWomen's writing in the United States |
| 260 |
_aOxford [England] ; _aNew York : _bOxford University Press, _c1995. |
||
| 300 |
_ax, 596 p. ; _c23 cm. |
||
| 500 | _aIncludes index. | ||
| 650 | 0 |
_aAmerican literature _yWomen authors. |
|
| 650 | 0 |
_aWomen _zUnited States _xLiterary collections. |
|
| 700 | 2 | _aWagner-Martin, Linda. | |
| 700 | 1 |
_aDavidson, Cathy N., _d1949- |
|
| 856 | 4 | 2 |
_3Publisher description _uhttp://www.loc.gov/catdir/enhancements/fy0635/95001499-d.html |
| 856 | 4 | 2 |
_3Contributor biographical information _uhttp://www.loc.gov/catdir/enhancements/fy0722/95001499-b.html |
| 906 |
_a7 _bcbc _corignew _d1 _eocip _f19 _gy-gencatlg |
||
| 942 |
_2lcc _cBK |
||
| 999 |
_c255953 _d255952 |
||